| 000 | 00870nam a2200205Ia 4500 | ||
|---|---|---|---|
| 003 | GCL | ||
| 005 | 20240530104402.0 | ||
| 008 | 140319s9999 xx 000 0 ara d | ||
| 040 |
_aGCL / _cGCL |
||
| 082 | 0 | 4 |
_a953.073 _bع م |
| 100 | 1 | _aعبدالعزيز محمود عبدالدايم | |
| 245 | 1 | 0 |
_aمصر : _bفى عصرى المماليك والعثمانيين (648 ـ 923هـ) (923 ـ?1213هـ) (1250 ـ 1517م) (1517 ـ 1798م) / _cعبدالعزيز محمود عبدالدايم |
| 260 |
_aجامعة القاهرة : _bمكتبة نهضة الشرق ، _c1996 |
||
| 300 |
_a280 ص ؛ _c24 سم |
||
| 490 |
_aالهيئة العامة للاستعلامات _v0 |
||
| 650 | 0 | 4 | _aالحروب الصليبية |
| 650 | 0 | 4 | _aالامبراطورية العثمانية (1517 - 1914) |
| 650 | 0 | 4 | _aمصر - الاحوال السياسية |
| 942 |
_2ddc _cBK |
||
| 999 |
_c47122 _d47122 |
||